Informes de investigacin̤ (Centro de Investigacin̤ Jurd̕ica)

Bibliographic Details
Format: Serial
Language:Spanish
Published: Santiago (Chile) : Universidad Diego Portales, 1985-
Subjects:
Online Access:http://www.vlex.com/source/6752

MARC

LEADER 00000nas a22000007a 4500
005 20130405083728.0
007 cr|||| ||||
008 130405e19859999cl |||||s|||| 00||0 spa d
035 |a 6752 
040 |a vLex 
090 |c 4126  |d 4126 
245 0 0 |a Informes de investigacin̤  |b (Centro de Investigacin̤ Jurd̕ica)  |h [Recurso electrn̤ico] 
256 |a Servicio en ln̕ea 
260 |a Santiago (Chile) :  |b Universidad Diego Portales,  |c 1985- 
300 |a 1 Recurso electrn̤ico 
506 |a Contenido solo disponible en los productos indicados  |d vLex Global  |d vLex Global (Academic Edition, excluding Law Schools)  |d vLex Global (U.S. Academic Edition, Law Schools)  |d vLex Global (U.S. Academic Edition, excluding Law Schools)  |d vLex Global (Academic Edition, Law Schools) 
650 0 4 |a Derecho  |v Revistas 
740 |a vLex Revistas (Servicio en ln̕ea) 
856 |a Acceso restringido  |u http://www.vlex.com/source/6752 
942 |c REV 
999 0 |a Law